000 01119nam1a2200289 4500
001 RU\NLR\BIBL_A\022445353
005 20250807185201.0
035 _a(NLR Aleph) 022445353
090 _a80038
_c80038
100 _a20250205d1941 e y0rusy50 ca
101 0 _akaz
102 _aKZ
105 _ay z 000 y
181 0 _ai
_baxxe
182 0 _an
200 1 _aҚазақ әдебиети хрестоматия
_eорта мектепке арналған
_fқұрастырғандар: С. Мұқанов, Қ. Бекхожин
203 _aТекст
_bвизуальный
_cнепосредственный
210 _aАлматы
_cҚазақ мемлекет баспасы
_d1941
215 _d23
300 _aЛатин. графика
541 1 _aКазахская литература
_eхрестоматия для сред. шк.
_zrus
702 1 _aМуканов
_bС.М.
_f1900-1973
_gСабит Муканович
_4220
852 _aNLR
_bОНЛ
_jКазах./3-873
942 _cBOOK
945 _aРоссийская национальная библиотека
980 _aBV